000 00663cam a22002054a 4500
020 _a9789251058350
020 _a9251058350
040 _cAGL
082 0 0 _a641 FOO 2007 A037 Or.
110 2 _aJoint FAO/WHO Codex Alimentarius Commission.
245 1 0 _aOrganically produced foods.
250 _a3rd ed.
260 _aRome :
_bWorld Health Organization :
_bFood and Agriculture Organization of the United Nations,
_c2007.
300 _a51 p. :
_bill. ;
_c25 cm.
650 0 _aNatural foods
650 0 _aFood law and legislation.
710 2 _aFood and Agriculture Organization of the United Nations.
710 2 _aWorld Health Organization.
942 _cEK
999 _c11559
_d11559